00658nam a22002057a 450000500170000001000150001702000260003203500130005803700130007108200110008410000200009524500810011526000790019627000510027530000340032665000170036065000210037765000240039865000300042220100818123521.0 aENG-100871 a9788184650006c150.00 aEN-84404 bDBAD/PUB a230.35 aRanganathananda aThe monk without frontiers :ba birth centenary tribue /cby Ranganathananda aKolkatabSwami Ranganathananda Birth Centenary Celebration Committeec2008 aHA 244, Sector III, Salt LakebKolkatae700097 axxii,745p.c22cm (Hb)ephotos aHindi Saints aPhilosophy, Idic aRamakrishna Mission aSpiritual Life - Hinduism